| 000 | 00360nam a2200133Ia 4500 | ||
|---|---|---|---|
| 008 | 151213s9999 xx 000 0 und d | ||
| 245 | _aStyle Book : The Authoritative Hand Book for Sniffer Editors & New Directors | ||
| 250 | _a3rd | ||
| 260 |
_aNew York _bNTC Company _c1992 |
||
| 300 | _a2987 p. | ||
| 650 | _aOthers | ||
| 650 | _aReference | ||
| 999 |
_c2074 _d2074 |
||